000 02381nam0a2200361 4500
001 RU\NLR\bibl\1732029
005 20250616080154.0
021 _aRU
_b2010-103832
_97013
035 _a(nilc)RSL-KNO-004872288
035 _a(NLR Aleph) 001722976
090 _a1351500
_c1351500
100 _a20110111d2010 |||y0rusy50 ca
101 0 _arus
102 _aRU
105 _aa |||||||||
200 1 _aАктуальные вопросы теории раскроя пиловочного сырья
_eучебное пособие для студентов вузов по направлениям подготовки магистров 250300 "Технология и оборудование лесозаготовительных и деревообрабатывающих производств", 250400 "Технология лесозаготовительных и деревообрабатывающих производств" и для подготовки дипломированных специалистов по специальности 250403 "Технология деревообработки"
_fВ.Р. Фергин, О.И. Шако, О.И. Ерхова
_gГос. образоват. учреждение высш. проф. образования "Моск. гос. ун-т леса"
210 _aМосква
_cИзд-во Московского государственного университета леса
_d2010
215 _a95 с.
_cил.
_d21
320 _aБиблиогр.: с. 94-95 (22 назв.)
606 1 _aПиломатериалы
_jУчебные издания для высших учебных заведений
_xРаскрой
_92291914
_3RU\NLR\auth\661372589
606 1 _aДревесина
_jУчебные издания для высших учебных заведений
_xРаспиловка
_91079183
_3RU\NLR\auth\66102763
686 _aМ132.02-1я73-1
_2rubbk
686 _aМ132.02я73-1
700 1 _aФергин
_bВ. Р.
_gВячеслав Рудольфович
_4070
701 1 _aШако
_bО. И.
_gОлег Игоревич
_4070
701 1 _aЕрхова
_bО. И.
_gОлеся Игоревна
_4070
801 0 _aRU
_bRuMoRKP
_c20110111
_grcr
801 1 _aRU
_bRuMoRGB
_c20110111
801 2 _aRU
_bNLR
_c20110207
_grcr
830 _aавт. по кн.
942 _cBOOK
980 _aNB